|
|
|
|
| LEADER |
00000nam a2200000 i 4500 |
| 001 |
1/77572 |
| 008 |
970213s1985 gre d |
| 035 |
|
|
|a 1993
|b 1
|c Δωρεά
|l 10032696
|
| 040 |
|
|
|a GR-MY-UA
|b gre
|e aacr
|
| 041 |
0 |
|
|a gre
|
| 082 |
0 |
|
|a 144
|
| 100 |
1 |
|
|a Ιωαννίδου-Κουτσελίνη, Μαίρη.
|
| 245 |
1 |
2 |
|a Η δοκιμασία της αναζήτησης /
|c Μαίρης Ιωαννίδου-Κουτσελίνη
|
| 260 |
|
|
|a Λευκωσία :
|b [χ.ό.],
|c 1985
|
| 300 |
|
|
|a 77 σ.
|
| 650 |
0 |
0 |
|a Humanism.
|
| 651 |
|
0 |
|a Cyprus
|x Intellectual life.
|
| 852 |
|
|
|a INST
|b RHODES
|e 19970213
|h 144 ΙΩΑ
|p 005400010464
|q 005400010464
|t BK
|y 0
|
| 909 |
|
|
|a Ρ
|b 024564
|c 1993
|
| 970 |
|
|
|z 2000/06/ΟΙΚΟΝΟΜΟΠΟΥΛΟΥ (SUBJECT)
|